Humoristes d'On ne demande qu'à en rire - Statistiques

Statistiques générales
  • Ce quiz a été pris 251 fois
  • Le résultat moyen est 12 sur 38
Statistiques - réponses
Nombre de passages Humoristes % Correct
78 Arnaud Tsamere
89%
77 Jérémy Ferrari
85%
74 Olivier de Benoist
72%
64 Florent Peyre
66%
23 Kev Adams
66%
70 Artus
63%
51 Constance
60%
40 Ahmed Sylla
56%
75 Garnier et Sentou
56%
72 Les Lascars Gays
54%
20 Ben
50%
49 Nicole Ferroni
50%
43 Les Décaféinés
49%
52 Babass
38%
46 Vérino
35%
10 Monsieur Fraize
33%
55 Donel Jack'sman
29%
21 Waly Dia
29%
40 Arnaud Cosson
26%
52 Lamine Lezghad
26%
43 Les Kicékafessa
23%
33 Cyril Etesse
22%
36 Anthony Joubert
21%
13 Antonia
19%
75 Sacha Judaszko
19%
27 Kevin Razy
15%
52 Steeven et Christopher
15%
39 Aymeric Lompret
14%
30 Shirley Souagnon
14%
31 Zidani
13%
11 Matthieu Penchinat
6%
20 Paco
6%
25 Pierre Diot
6%
14 Julie Villers
5%
15 Thierry Marquet
4%
12 Alain Doucet
3%
10 Alexandre Maublanc
3%
11 Nidhal
2%
Aucun quiz correspondant
Distribution des résultats
% des personnes avec chaque résultat
Percentile par nombre de réponses
Votre historique - résultats
Vous n’avez pas pris ce quiz